000 00506nam a2200181Ia 4500
008 090124s9999 xx 000 0 und d
082 _b29891
_a3413
100 _aसोनग्रा रतनलाल
245 _a सोनजातक
250 _a1
260 _c1998
300 _a109
600 _aसोनग्रा रतनलाल
630 _a सोनजातक
700 _aसोनग्रा रतनलाल
730 _a सोनजातक
942 _cBOOK
999 _c143373
_d143373